000 00362 a2200157 4500
001 56942
020 _a8516006786
040 _cAnchieta - Pituba
100 _aNicolelis, Giselda Laporta
240 1 0 _aPássaro contra a vidraça
_lpor
245 1 0 _aPássaro contra a vidraça
300 _a77
362 0 _a1997
650 4 _aLiteratura juvenil
942 _cBK
999 _c56942
_d56942